[Event "32nd WCh U20 Girls"]
[Site "Pune IND"]
[Date "2014.10.11"]
[Round "6.26"]
[White "Harshita, Guddanti"]
[Black "Fronda, Jan Jodilyn"]
[Result "1-0"]
[WhiteElo "1925"]
[BlackElo "2127"]
[EventDate "2014.10.06"]
[PlyCount "111"]

1.e4 g6 2.d4 Bg7 3.Nc3 d6 4.Be3 Nf6 5.h3 O-O 6.f4 e5 7.Qf3 Nc6 8.Nge2 b5 
9.O-O-O b4 10.Nd5 Nxd5 11.exd5 Nxd4 12.Nxd4 exd4 13.Bxd4 a5 14.Bxg7 Kxg7 
15.g4 Bd7 16.h4 Qe7 17.Bd3 Rfe8 18.Rh3 a4 19.h5 a3 20.hxg6 axb2+ 21.Kb1 
hxg6 22.Rdh1 Rh8 23.f5 gxf5 24.gxf5 Rxh3 25.Qxh3 Qg5 26.f6+ Kxf6 27.Qxd7 
Rf8 28.Rf1+ Kg7 29.Qf5 Qxf5 30.Rxf5 Ra8 31.Kxb2 Ra3 32.Rf4 Ra5 33.Bc4 Kg6 
34.Kb3 f6 35.Kxb4 Ra7 36.Bd3+ Kg5 37.Rf5+ Kg6 38.a4 Rb7+ 39.Kc3 Ra7 40.
Rf1+ Kg5 41.Bb5 f5 42.Kd4 Kf6 43.Bc6 Kg5 44.Kc4 f4 45.Bd7 Ra5 46.Kd4 Ra8 
47.c4 Rd8 48.Be6 Ra8 49.Ra1 Ra5 50.Rg1+ Kf6 51.Bd7 Rc5 52.Rg4 f3 53.Rf4+ 
Ke7 54.Bb5 Kd8 55.Rf8+ Ke7 56.Rxf3 1-0

[Event "32nd WCh U20 Girls"]
[Site "Pune IND"]
[Date "2014.10.11"]
[Round "6.27"]
[White "Munoz, Claudia"]
[Black "Ivekovic, Tihana"]
[Result "0-1"]
[WhiteElo "1906"]
[BlackElo "2122"]
[EventDate "2014.10.06"]
[PlyCount "128"]

1.d4 d5 2.c4 e6 3.Nc3 Nf6 4.Nf3 c6 5.cxd5 exd5 6.Bf4 Nbd7 7.e3 Be7 8.Bd3 
Nh5 9.Be5 Nxe5 10.Nxe5 Nf6 11.O-O O-O 12.Qc2 h6 13.h3 a6 14.Rab1 c5 15.
dxc5 Bxc5 16.e4 Bd4 17.Nf3 Bxc3 18.bxc3 dxe4 19.Bxe4 Nxe4 20.Qxe4 Qa5 21.
a4 Qxc3 22.Rfc1 Qf6 23.Rc5 Rb8 24.a5 b5 25.axb6 Rxb6 26.Rxb6 Qxb6 27.Qc2 
Bb7 28.Ne5 Qe6 29.Qc4 Qxc4 30.Rxc4 Ra8 31.Rc7 Bd5 32.Nd7 Be6 33.Nc5 a5 34.
Nxe6 fxe6 35.Rc3 Kf7 36.Kf1 a4 37.Ra3 e5 38.Ke2 Ke6 39.Kd3 Kd5 40.f3 g5 
41.Kd2 Kc4 42.Kc2 Kb4 43.Re3 a3 44.Re4+ Kc5 45.Rxe5+ Kd6 46.Re1 Rb8 47.Ra1
Rb2+ 48.Kc3 Rxg2 49.Rxa3 Ke5 50.Ra6 h5 51.Ra5+ Kf4 52.h4 g4 53.fxg4 hxg4 
54.Kd3 Rh2 55.Ra4+ Kf3 56.Ra8 Rxh4 57.Rf8+ Kg2 58.Ke2 g3 59.Ke3 Rh7 60.Kf4
Kh2 61.Ra8 g2 62.Ra2 Kh1 63.Ra1+ g1=Q 64.Rxg1+ Kxg1 0-1

[Event "32nd WCh U20 Girls"]
[Site "Pune IND"]
[Date "2014.10.11"]
[Round "6.29"]
[White "Liu Manli"]
[Black "Krumova, Ani"]
[Result "1/2-1/2"]
[WhiteElo "2039"]
[BlackElo "1998"]
[EventDate "2014.10.06"]
[PlyCount "64"]

1.e4 c5 2.Nf3 Nc6 3.d4 cxd4 4.Nxd4 e5 5.Nb5 a6 6.Nd6+ Bxd6 7.Qxd6 Qf6 8.
Qxf6 Nxf6 9.Nc3 Nb4 10.Bd3 d5 11.exd5 Nxd3+ 12.cxd3 Bf5 13.Bg5 Bxd3 14.Rd1
Bf5 15.O-O Nd7 16.Rfe1 f6 17.Be3 Kf7 18.f3 h5 19.h4 Rac8 20.Rc1 Nc5 21.
Bxc5 Rxc5 22.Ne4 Rxd5 23.Rc7+ Rd7 24.Nd6+ Kg6 25.Rxd7 Bxd7 26.Nxb7 Rc8 27.
Re2 Rc4 28.Rd2 Be6 29.b3 Rc7 30.Na5 Rc5 31.Nb7 Rc7 32.Na5 Rc5 1/2-1/2

[Event "32nd WCh U20 Girls"]
[Site "Pune IND"]
[Date "2014.10.11"]
[Round "6.30"]
[White "Bala Kannamma, P."]
[Black "Mahasweta, Kumar"]
[Result "0-1"]
[WhiteElo "2023"]
[BlackElo "1847"]
[EventDate "2014.10.06"]
[PlyCount "102"]

1.e4 d5 2.exd5 Qxd5 3.Nc3 Qa5 4.a3 e5 5.Bc4 Nf6 6.d3 c6 7.Nf3 Bd6 8.O-O 
O-O 9.Bg5 Nbd7 10.Ne4 Nxe4 11.dxe4 Qc7 12.Re1 Nb6 13.Bf1 Be7 14.Bxe7 Qxe7 
15.h3 Rd8 16.Qc1 Qf6 17.Re3 Be6 18.c4 Kh8 19.Qc3 Nd7 20.Rd1 Rg8 21.b4 Rae8
22.Red3 Re7 23.c5 h6 24.Rd6 g5 25.Bc4 Qg7 26.Bxe6 fxe6 27.Nh2 Nf8 28.Rd8 
Ng6 29.Rxg8+ Kxg8 30.g3 Re8 31.Rd6 Nf8 32.Qd3 Re7 33.Rd8 h5 34.Qd6 Qf6 35.
Nf3 Rf7 36.Qxe5 Qxd8 37.Nxg5 Rf6 38.h4 Qe7 39.Nh3 Qf7 40.Nf4 Rh6 41.Qb8 a6
42.e5 Kg7 43.Nh3 Rg6 44.Ng5 Qe7 45.Ne4 Kh6 46.Nd6 Rg7 47.Ne8 Rf7 48.Nd6 
Rf3 49.Nxb7 Rxa3 50.Nd8 Rd3 51.Nxc6 Qf7 0-1

[Event "32nd WCh U20 Girls"]
[Site "Pune IND"]
[Date "2014.10.11"]
[Round "6.31"]
[White "Supriya, Joshi"]
[Black "Kurbonboeva, Sarvinoz"]
[Result "0-1"]
[WhiteElo "1857"]
[BlackElo "2212"]
[EventDate "2014.10.06"]
[PlyCount "72"]

1.e4 c5 2.Nf3 d6 3.d4 cxd4 4.Nxd4 Nf6 5.Nc3 a6 6.h3 e6 7.g4 Nfd7 8.Be3 Be7
9.Bg2 Nc6 10.Qe2 O-O 11.O-O-O Nxd4 12.Bxd4 b5 13.a3 Rb8 14.h4 b4 15.axb4 
Rxb4 16.Kb1 Qc7 17.f4 Nc5 18.f5 Qb8 19.Na2 Rb6 20.Ka1 e5 21.Bc3 a5 22.Qe1 
Na4 23.b3 Nxc3 24.Nxc3 Bb7 25.Kb2 Rc8 26.Ra1 Rbc6 27.Rh3 Rc5 28.Bf1 d5 29.
exd5 e4 30.Ra4 Bf6 31.Bc4 Bxd5 32.Bxd5 Rxd5 33.g5 Be5 34.Rxe4 Rdc5 35.Kb1 
Bxc3 36.Rxc3 Rxc3 0-1

[Event "32nd WCh U20 Girls"]
[Site "Pune IND"]
[Date "2014.10.11"]
[Round "6.32"]
[White "Hinduja, Reddy"]
[Black "Gagare, Shalmali"]
[Result "1/2-1/2"]
[WhiteElo "1934"]
[BlackElo "2088"]
[EventDate "2014.10.06"]
[PlyCount "60"]

1.c4 c6 2.Nf3 Nf6 3.g3 d5 4.Bg2 Bf5 5.O-O e6 6.d3 Bd6 7.cxd5 cxd5 8.Nc3 
Nc6 9.Nb5 Be7 10.Qb3 Qd7 11.Bf4 O-O 12.Rfc1 Nh5 13.Ne5 Nxe5 14.Bxe5 Rfc8 
15.Rxc8+ Qxc8 16.Nc7 Rb8 17.Nb5 Ra8 18.Nc7 Rb8 19.Nb5 Ra8 20.Bf3 Nf6 21.
Bf4 Nd7 22.Nc7 g5 23.Nxa8 gxf4 24.Qa4 a6 25.Qxf4 Qxa8 26.Qc7 Qd8 27.Qxb7 
Nc5 28.Qa7 Qd7 29.Qa8+ Qd8 30.Qa7 Qd7 1/2-1/2

[Event "32nd WCh U20 Girls"]
[Site "Pune IND"]
[Date "2014.10.11"]
[Round "6.33"]
[White "Parnali, S. Dharia"]
[Black "Divya Lakshmi, R."]
[Result "1-0"]
[WhiteElo "1904"]
[BlackElo "1905"]
[EventDate "2014.10.06"]
[PlyCount "112"]

1.d4 d5 2.Nf3 Nf6 3.Nbd2 Bf5 4.Nh4 Bg6 5.Nxg6 hxg6 6.c4 e6 7.Qb3 Nc6 8.e3 
Ng4 9.h3 Bb4 10.Be2 Nf6 11.a3 Bxd2+ 12.Bxd2 Rb8 13.cxd5 exd5 14.Bb5 O-O 
15.Rc1 Ne4 16.Qd3 Qf6 17.O-O Rfe8 18.Rc2 Re6 19.Qb3 Rd8 20.Bd3 b6 21.Bxe4 
Rxe4 22.Rfc1 Re6 23.Qa4 Ne7 24.Rxc7 a5 25.Qb5 Qg5 26.Rd7 Rf8 27.Rcc7 Qh4 
28.b4 Rf6 29.Qe2 Nf5 30.Rxd5 Qe4 31.Re5 Qb1+ 32.Rc1 Qb2 33.bxa5 bxa5 34.
Qd3 Nd6 35.Qc3 Qb7 36.Qxa5 Ne4 37.Rb5 Qd7 38.Be1 Rc8 39.Rxc8+ Qxc8 40.Qa7 
Kh7 41.Qb7 Qc1 42.Qxe4 Qxe1+ 43.Kh2 Rf5 44.Rxf5 gxf5 45.Qxf5+ Kg8 46.a4 g6
47.Qf4 Qa5 48.Qb8+ Kh7 49.Qe8 Qc7+ 50.Qe5 Qc2 51.Qf6 Qc7+ 52.Qf4 Qe7 53.a5
g5 54.Qe5 Qd8 55.a6 f6 56.Qe4+ Kh6 1-0

[Event "32nd WCh U20 Girls"]
[Site "Pune IND"]
[Date "2014.10.11"]
[Round "6.34"]
[White "Afraoui, Solenn"]
[Black "Sunyasakta, Satpathy"]
[Result "1/2-1/2"]
[WhiteElo "1989"]
[BlackElo "1926"]
[EventDate "2014.10.06"]
[PlyCount "80"]

1.e4 e5 2.Nf3 Nc6 3.d4 exd4 4.Nxd4 Bc5 5.Nf5 g6 6.Be3 Bf8 7.Nd4 Bg7 8.Nc3 
Nge7 9.Qd2 h6 10.O-O-O a6 11.f4 d6 12.h3 b5 13.g4 Bb7 14.Rh2 Qd7 15.Nxc6 
Nxc6 16.e5 O-O-O 17.exd6 Qe6 18.Bc5 cxd6 19.Bb6 Rd7 20.Re2 Qf6 21.g5 Qf5 
22.Nd5 Kb8 23.Bg2 Rc8 24.Kb1 hxg5 25.fxg5 Be5 26.Rf1 Qe6 27.Nf6 Re7 28.Ng4
Qd7 29.Bxc6 Bxc6 30.Nxe5 dxe5 31.Qe3 Qb7 32.Bc5 Ree8 33.Bd6+ Ka8 34.Qf2 e4
35.Qxf7 Qxf7 36.Rxf7 Red8 37.Rf6 Rd7 38.b3 Rh7 39.Rxg6 Rxh3 40.Bc5 Kb7 
1/2-1/2

[Event "32nd WCh U20 Girls"]
[Site "Pune IND"]
[Date "2014.10.11"]
[Round "6.35"]
[White "Bidhar, Rutumbara"]
[Black "Caballero Quijano, Mitzy Mishell"]
[Result "0-1"]
[WhiteElo "1780"]
[BlackElo "1961"]
[EventDate "2014.10.06"]
[PlyCount "70"]

1.d4 d5 2.Nf3 Nf6 3.g3 c6 4.Bg2 Bf5 5.O-O e6 6.b3 h6 7.c4 Nbd7 8.Bb2 Be7 
9.Nc3 O-O 10.e3 a5 11.Qe2 Ne4 12.Nd2 Nxd2 13.Qxd2 Nf6 14.f3 a4 15.e4 Bh7 
16.e5 Nd7 17.cxd5 a3 18.d6 Bxd6 19.exd6 axb2 20.Qxb2 Nf6 21.Ne4 Nd5 22.
Rfe1 Bxe4 23.fxe4 Nb4 24.Qd2 Qxd6 25.a3 Na6 26.b4 Rfd8 27.Red1 Nc7 28.a4 
Ra7 29.Kh1 Rda8 30.a5 Rd8 31.Qc3 Raa8 32.Qc4 Rd7 33.Rd3 Na6 34.Rb1 Rad8 
35.b5 Nb8 0-1

[Event "32nd WCh U20 Girls"]
[Site "Pune IND"]
[Date "2014.10.11"]
[Round "6.36"]
[White "Terzidaki, Alexandra"]
[Black "Anjana Krishna, S."]
[Result "1/2-1/2"]
[WhiteElo "1902"]
[BlackElo "1889"]
[EventDate "2014.10.06"]
[PlyCount "120"]

1.e4 d5 2.exd5 Qxd5 3.Nc3 Qd6 4.d4 Nf6 5.Nf3 c6 6.Ne5 Nbd7 7.Bf4 Nd5 8.Bg3
Qb4 9.a3 Qa5 10.Nc4 Nxc3 11.Nxa5 Nxd1 12.Rxd1 e6 13.Nc4 Nb6 14.Nd6+ Bxd6 
15.Bxd6 Bd7 16.c4 Nc8 17.Bg3 O-O 18.Be2 Re8 19.O-O Ne7 20.h3 Rad8 21.Rfe1 
Bc8 22.Bh4 Rd7 23.g4 f6 24.Bf3 Kf7 25.Re3 Red8 26.Red3 e5 27.d5 cxd5 28.
cxd5 Rd6 29.Bg3 b6 30.Rc3 R8d7 31.g5 Bb7 32.gxf6 gxf6 33.Bh5+ Kf8 34.Rdc1 
Nxd5 35.Rc4 Ne7 36.Kh2 Rc6 37.Rxc6 Bxc6 38.Bh4 Rd6 39.Rd1 Bd5 40.Bf3 Kf7 
41.Be4 Rd8 42.Bg3 h6 43.f4 Ke6 44.fxe5 fxe5 45.Bh4 Rd7 46.Bxe7 Bxe4 47.
Rxd7 Kxd7 48.Bf8 h5 49.Kg3 Ke6 50.h4 Kd5 51.Kf2 Kd4 52.Bg7 Bd3 53.Kf3 Bc4 
54.Bf6 Bb3 55.Kg2 Bd1 56.Kf2 Ke4 57.Be7 Kf4 58.Bg5+ Kg4 59.Bf6 Kf5 60.Bg5 
Ke4 1/2-1/2

[Event "32nd WCh U20 Girls"]
[Site "Pune IND"]
[Date "2014.10.11"]
[Round "6.37"]
[White "Salonika, Saina"]
[Black "Djogteva, Jekaterina"]
[Result "0-1"]
[WhiteElo "1737"]
[BlackElo "1754"]
[EventDate "2014.10.06"]
[PlyCount "82"]

1.e4 c5 2.Nc3 Nc6 3.f4 g6 4.Nf3 Bg7 5.Bb5 e6 6.O-O Nge7 7.d3 O-O 8.a3 a6 
9.Bxc6 Nxc6 10.Qe1 d5 11.Qg3 b6 12.Kh1 Bb7 13.exd5 exd5 14.f5 Qd7 15.Bf4 
Ne7 16.Nh4 Rfe8 17.Bd2 Nc6 18.f6 Bf8 19.Nf5 Re5 20.Nh6+ Kh8 21.Bg5 Rae8 
22.Qh4 Nd4 23.Ng4 R5e6 24.Rac1 Nf5 25.Qh3 d4 26.Ne4 Bxe4 27.dxe4 Rxe4 28.
Nh6 Bxh6 29.Bxh6 Rh4 30.Bg7+ Kg8 31.Qf3 Qd6 32.h3 Ng3+ 33.Kg1 Ne2+ 34.Kh1 
Nxc1 35.Rxc1 Rhe4 36.Rf1 Re1 37.Kg1 Rxf1+ 38.Kxf1 Qe5 39.Kg1 Qe1+ 40.Kh2 
Qe4 41.Qxe4 Rxe4 0-1

[Event "32nd WCh U20 Girls"]
[Site "Pune IND"]
[Date "2014.10.11"]
[Round "6.38"]
[White "Cuvelier, Annelies"]
[Black "Samudin, Elina"]
[Result "0-1"]
[WhiteElo "1619"]
[BlackElo "1623"]
[EventDate "2014.10.06"]
[PlyCount "88"]

1.e4 c6 2.d4 d5 3.Nc3 dxe4 4.Nxe4 Nd7 5.Ng5 Ngf6 6.Bd3 e6 7.N1f3 h6 8.Nxe6
Qe7 9.O-O fxe6 10.Bg6+ Kd8 11.c4 Qd6 12.Re1 Be7 13.g3 Qc7 14.Bf4 Bd6 15.
Ne5 Rf8 16.c5 Bxe5 17.Bxe5 Nxe5 18.dxe5+ Nd5 19.Qg4 Qe7 20.h4 Qxc5 21.Be4 
Qe7 22.Re2 Bd7 23.Rd1 Qf7 24.a3 a5 25.b4 axb4 26.axb4 Nc3 27.Bg6 Nxe2+ 28.
Qxe2 Qxg6 29.Qd2 Qf7 30.f4 Qe7 31.Qd4 Kc7 32.b5 c5 33.Qc4 b6 34.Rd6 Ra5 
35.Qb3 Rfa8 36.f5 Ra1+ 37.Kh2 R8a2+ 38.Kh3 Rh1+ 39.Kg4 exf5+ 40.Kf3 Rf1+ 
41.Ke3 Qxe5+ 42.Kd3 Rf3+ 43.Kc4 Qe4+ 44.Rd4 Qxd4# 0-1

[Event "32nd WCh U20 Girls"]
[Site "Pune IND"]
[Date "2014.10.11"]
[Round "6.39"]
[White "Lalaoui, Feriel"]
[Black "Shristi Shetty, J."]
[Result "1/2-1/2"]
[WhiteElo "1739"]
[BlackElo "1907"]
[EventDate "2014.10.06"]
[PlyCount "80"]

1.e4 c5 2.Nf3 Nc6 3.d4 cxd4 4.Nxd4 Nf6 5.Nc3 e5 6.Ndb5 d6 7.Bg5 a6 8.Na3 
b5 9.Nd5 Be7 10.Bxf6 Bxf6 11.c3 Bg5 12.Nc2 O-O 13.h4 Bh6 14.a4 bxa4 15.
Rxa4 a5 16.Bc4 Rb8 17.b3 Kh8 18.Nce3 Bxe3 19.Nxe3 Be6 20.h5 Qb6 21.Nd5 Qd8
22.Qe2 Qg5 23.Ne3 Rfc8 24.Ra3 Bxc4 25.Nxc4 Qc1+ 26.Qd1 Qxc3+ 27.Kf1 Nd4 
28.Rh3 Qb4 29.Ra4 Qc5 30.Rxa5 Qc6 31.Rd5 Nxb3 32.Nxd6 Qa6+ 33.Nb5 Rc1 34.
Rxb3 Rxd1+ 35.Rxd1 h6 36.Rdb1 Qa4 37.Rb4 Qa5 38.R4b3 Qa4 39.Rb4 Qa5 40.
R4b2 Rb6 1/2-1/2

[Event "32nd WCh U20 Girls"]
[Site "Pune IND"]
[Date "2014.10.12"]
[Round "7.1"]
[White "Padmini, Rout"]
[Black "Pustovoitova, Daria"]
[Result "1/2-1/2"]
[WhiteElo "2331"]
[BlackElo "2354"]
[EventDate "2014.10.06"]
[PlyCount "136"]

1.e4 c5 2.Nf3 d6 3.d4 cxd4 4.Nxd4 Nf6 5.Nc3 a6 6.Qf3 e6 7.g4 h6 8.h4 Nc6 
9.Nxc6 bxc6 10.g5 Nd7 11.g6 fxg6 12.Qg3 Qf6 13.Bf4 e5 14.Be3 Be7 15.O-O-O 
Nc5 16.f4 O-O 17.fxe5 Qxe5 18.Qxg6 Bf5 19.Qg2 Nxe4 20.Bd4 Qf4+ 21.Kb1 Bf6 
22.Bc4+ Kh8 23.Rhg1 Nxc3+ 24.bxc3 Be4 25.Qd2 Qxd2 26.Rxd2 Bxd4 27.cxd4 d5 
28.Bd3 Rf4 29.h5 Bxd3 30.Rxd3 Rb8+ 31.Kc1 Rh4 32.Rg6 Rc8 33.Ra3 Rxh5 34.
Rxa6 Rg5 35.Rxg5 hxg5 36.Kd2 Kh7 37.Ke3 Kg6 38.Kf3 Kf5 39.Ra7 g4+ 40.Ke3 
Re8+ 41.Kf2 Ke4 42.c3 Rf8+ 43.Ke2 g5 44.Re7+ Kf4 45.Kf2 g3+ 46.Kg2 Ra8 47.
Rf7+ Kg4 48.Rf6 Rxa2+ 49.Kg1 g2 50.Kh2 g1=Q+ 51.Kxg1 Kg3 52.Kf1 g4 53.Rxc6
Ra1+ 54.Ke2 Kg2 55.c4 dxc4 56.d5 Ra8 57.Rxc4 Re8+ 58.Kd3 g3 59.Kd4 Kf1 60.
Rc7 Re2 61.Rg7 g2 62.d6 g1=Q+ 63.Rxg1+ Kxg1 64.Kc5 Kf2 65.d7 Rd2 66.Kc6 
Ke3 67.Kc7 Ke4 68.Kc6 Ke5 1/2-1/2

[Event "32nd WCh U20 Girls"]
[Site "Pune IND"]
[Date "2014.10.12"]
[Round "7.2"]
[White "Goryachkina, Alexandra"]
[Black "Frayna, Janelle Mae"]
[Result "1-0"]
[WhiteElo "2430"]
[BlackElo "2140"]
[EventDate "2014.10.06"]
[PlyCount "71"]

1.d4 d6 2.e4 Nf6 3.f3 c5 4.d5 e6 5.c4 exd5 6.cxd5 g6 7.Nc3 Bg7 8.Nge2 a6 
9.a4 Nbd7 10.Ng3 h5 11.Be2 h4 12.Nf1 Rb8 13.Bg5 Qc7 14.Nd2 Ne5 15.Qb3 Bd7 
16.O-O b5 17.axb5 axb5 18.f4 c4 19.Qb4 Qb6+ 20.Kh1 Neg4 21.Bxf6 Bxf6 22.
Bxg4 Bxg4 23.h3 Bd7 24.e5 dxe5 25.fxe5 Bxe5 26.Rae1 f6 27.Nf3 Kd8 28.Nxe5 
fxe5 29.Rxe5 Re8 30.Rxe8+ Bxe8 31.Qf8 Qe3 32.d6 Rb7 33.Qf6+ Kd7 34.Qxh4 g5
35.Qg4+ Kc6 36.Qc8+ 1-0

[Event "32nd WCh U20 Girls"]
[Site "Pune IND"]
[Date "2014.10.12"]
[Round "7.3"]
[White "Nandhidhaa, P. V."]
[Black "Khademalsharieh, Sarasadat"]
[Result "1/2-1/2"]
[WhiteElo "2144"]
[BlackElo "2366"]
[EventDate "2014.10.06"]
[PlyCount "20"]

1.e4 e5 2.Nf3 Nc6 3.Nc3 Nf6 4.Bb5 Bc5 5.Nxe5 Nxe5 6.d4 Bd6 7.f4 Nc6 8.e5 
Bb4 9.O-O O-O 10.d5 Bc5+ 1/2-1/2

[Event "32nd WCh U20 Girls"]
[Site "Pune IND"]
[Date "2014.10.12"]
[Round "7.4"]
[White "Chumpitaz Carbajal, Ann"]
[Black "Zhai Mo"]
[Result "1-0"]
[WhiteElo "2201"]
[BlackElo "2339"]
[EventDate "2014.10.06"]
[PlyCount "101"]

1.d4 Nf6 2.c4 e6 3.Nc3 Bb4 4.Qc2 O-O 5.Nf3 c5 6.dxc5 Na6 7.g3 Nxc5 8.Bg2 
Nce4 9.O-O Nxc3 10.bxc3 Be7 11.e4 d6 12.e5 dxe5 13.Nxe5 Qc7 14.Qe2 Bd6 15.
Bf4 Nd7 16.Nxd7 Bxd7 17.Bxd6 Qxd6 18.Bxb7 Rab8 19.Bg2 Rfd8 20.Rfd1 Qc7 21.
Rd4 Ba4 22.Qd3 h6 23.Rc1 Qa5 24.Rb1 Be8 25.Bf3 Rbc8 26.Rb2 Qc7 27.Rb7 Rxd4
28.Qxd4 Qxc4 29.Qxc4 Rxc4 30.Be2 Rc8 31.Rxa7 Bc6 32.f3 Bd5 33.Ra3 Rb8 34.
c4 Rb2 35.Kf1 Bc6 36.Ra6 Bb7 37.Ra7 e5 38.a4 e4 39.fxe4 Bxe4 40.a5 Ra2 41.
c5 Rc2 42.Rc7 g6 43.a6 Bd5 44.a7 Ra2 45.Bb5 Kg7 46.c6 Ra5 47.Rd7 Be4 48.
Ke1 Ra3 49.c7 Bb7 50.Bc6 Bc8 51.Rd8 1-0

[Event "32nd WCh U20 Girls"]
[Site "Pune IND"]
[Date "2014.10.12"]
[Round "7.5"]
[White "Iwanow, Anna"]
[Black "Ibrahimova, Sabina"]
[Result "1-0"]
[WhiteElo "2279"]
[BlackElo "2271"]
[EventDate "2014.10.06"]
[PlyCount "89"]

1.d4 Nf6 2.Nf3 g6 3.g3 Bg7 4.Bg2 d6 5.O-O O-O 6.c4 Nbd7 7.Nc3 e5 8.e4 exd4
9.Nxd4 Re8 10.Re1 Ne5 11.b3 Nfd7 12.f4 Nc6 13.Be3 Nc5 14.Nxc6 bxc6 15.e5 
Bd7 16.Bxc5 dxc5 17.Ne4 Qe7 18.Nf6+ Bxf6 19.exf6 Qd8 20.Rxe8+ Bxe8 21.Qxd8
Rxd8 22.Re1 Kf8 23.Re7 Rd7 24.Re5 Rd1+ 25.Kf2 Rd2+ 26.Re2 Rd6 27.Re7 Rd2+ 
28.Kf1 Rxa2 29.Rxc7 Ra1+ 30.Ke2 Ra2+ 31.Kf3 Rb2 32.Rc8 h5 33.Bh3 Rxb3+ 34.
Ke4 Rb1 35.Bd7 Re1+ 36.Kf3 a6 37.Bxc6 Re6 38.Bd7 Re1 39.h3 a5 40.Rb8 g5 
41.Rc8 h4 42.fxg5 hxg3 43.Kxg3 Re3+ 44.Kf4 Re1 45.h4 1-0

[Event "32nd WCh U20 Girls"]
[Site "Pune IND"]
[Date "2014.10.12"]
[Round "7.6"]
[White "Pujari, Rucha"]
[Black "Nguyen Thi Mai Hung"]
[Result "1/2-1/2"]
[WhiteElo "2113"]
[BlackElo "2299"]
[EventDate "2014.10.06"]
[PlyCount "69"]

1.d4 d5 2.c4 c6 3.Nf3 Nf6 4.Nc3 e6 5.Bg5 h6 6.Bxf6 Qxf6 7.Qb3 Nd7 8.e4 
dxe4 9.Nxe4 Qf4 10.Bd3 Be7 11.O-O e5 12.Rfe1 exd4 13.Nxd4 O-O 14.g3 Qe5 
15.Qc3 Qh5 16.f4 Nf6 17.Nf2 Bd6 18.Be2 Qc5 19.Bf3 Qb4 20.Qxb4 Bxb4 21.Red1
Bc5 22.Nb3 Bb6 23.c5 Bc7 24.Nd4 a5 25.Kg2 h5 26.Ne4 Nxe4 27.Bxe4 Bg4 28.
Bf3 Bxf3+ 29.Kxf3 Rad8 30.Nf5 g6 31.Nd6 Bxd6 32.cxd6 Rd7 33.Rd4 Rfd8 34.
Rad1 Kg7 35.h3 1/2-1/2

[Event "32nd WCh U20 Girls"]
[Site "Pune IND"]
[Date "2014.10.12"]
[Round "7.8"]
[White "Srija, Seshadri"]
[Black "Petrukhina, Irina"]
[Result "1/2-1/2"]
[WhiteElo "2099"]
[BlackElo "2218"]
[EventDate "2014.10.06"]
[PlyCount "106"]

1.e4 c5 2.Nf3 d6 3.d4 cxd4 4.Nxd4 Nf6 5.Nc3 a6 6.Be2 e6 7.O-O Be7 8.a4 O-O
9.Be3 Nc6 10.f4 Qc7 11.Kh1 Re8 12.Bf3 Bf8 13.Qd2 Rb8 14.Qf2 Nb4 15.a5 e5 
16.Nb3 Be6 17.Bb6 Qc8 18.Rfd1 Bxb3 19.cxb3 Qe6 20.f5 Qxb3 21.Bc7 Rbc8 22.
Bxd6 Nc2 23.Rac1 Nd4 24.Bxe5 Rxe5 25.Qxd4 Rce8 26.Rd2 Rxa5 27.h3 Rae5 28.
Rcd1 h6 29.g4 Bb4 30.Re1 Bxc3 31.bxc3 Qb5 32.Rde2 Rc8 33.h4 Rc4 34.Qd2 Qc6
35.Qf4 Nd7 36.Rd1 Rxc3 37.Red2 Re7 38.g5 Ne5 39.Bg2 Kh7 40.f6 Ng6 41.Qg4 
Re5 42.Rd7 Qc4 43.fxg7 Kxg7 44.Qh5 hxg5 45.hxg5 Re8 46.Rd8 Qe6 47.Qh6+ Kg8
48.R8d6 Qe5 49.Rxg6+ fxg6 50.Qxg6+ Kh8 51.Qh6+ Kg8 52.Qg6+ Kf8 53.Qh7 Re7 
1/2-1/2

[Event "32nd WCh U20 Girls"]
[Site "Pune IND"]
[Date "2014.10.12"]
[Round "7.9"]
[White "Furtado, Ivana Maria"]
[Black "Monnisha, Gajendra Babu Kannaiyan"]
[Result "1-0"]
[WhiteElo "2165"]
[BlackElo "2016"]
[EventDate "2014.10.06"]
[PlyCount "119"]

1.c4 c5 2.Nc3 Nc6 3.g3 g6 4.Bg2 Bg7 5.Nf3 e5 6.O-O Nge7 7.Ne1 d6 8.Nc2 O-O
9.Rb1 Be6 10.Ne3 Rb8 11.a3 a5 12.Ned5 f5 13.d3 h6 14.Bd2 Kh7 15.Nb5 g5 16.
Qe1 b6 17.b4 axb4 18.axb4 Nd4 19.bxc5 Nxb5 20.Rxb5 Bxd5 21.cxd6 Bxg2 22.
dxe7 Qxe7 23.Kxg2 Rf6 24.f3 e4 25.fxe4 fxe4 26.Rxf6 Qxf6 27.Be3 Qc6 28.Kg1
exd3 29.exd3 Re8 30.Qf2 Ra8 31.Rb1 Qd7 32.d4 Rf8 33.Qc2+ Kg8 34.d5 Qg4 35.
Re1 Rc8 36.Qe2 Qe4 37.Bf2 Qxe2 38.Rxe2 Bf8 39.Re4 Bc5 40.Bxc5 bxc5 41.Re6 
Ra8 42.Rc6 Ra5 43.Rxh6 Ra4 44.Rg6+ Kf7 45.Rxg5 Rxc4 46.Rf5+ Ke7 47.h4 Rc1+
48.Rf1 Rc3 49.Kg2 Rd3 50.h5 Rd2+ 51.Kh3 Rxd5 52.g4 c4 53.h6 c3 54.h7 Rd3+ 
55.Kh4 Rd2 56.Kg5 Rh2 57.Kg6 c2 58.Kg7 Rh4 59.Re1+ Kd7 60.h8=Q 1-0

[Event "32nd WCh U20 Girls"]
[Site "Pune IND"]
[Date "2014.10.12"]
[Round "7.10"]
[White "Gelip, Ioana"]
[Black "Sviridova, Vlada"]
[Result "1-0"]
[WhiteElo "2154"]
[BlackElo "2069"]
[EventDate "2014.10.06"]
[PlyCount "105"]

1.e4 e6 2.d4 d5 3.Nc3 Bb4 4.e5 c5 5.a3 Bxc3+ 6.bxc3 Ne7 7.Qg4 O-O 8.Nf3 
Nbc6 9.Bd3 f5 10.exf6 Rxf6 11.Bg5 Rf7 12.Ne5 Nxe5 13.dxe5 c4 14.Be2 Qa5 
15.Bd2 Ng6 16.Qg3 Bd7 17.O-O Raf8 18.h4 Nf4 19.Bg4 Qd8 20.Be3 h5 21.Bf3 
Rf5 22.Bxa7 Kh7 23.Be3 Ng6 24.Bg5 Qa5 25.Bxh5 Be8 26.Rae1 Qa4 27.Bg4 Qxc2 
28.Re2 Qa4 29.Bxf5 Rxf5 30.h5 Nh8 31.h6 gxh6 32.Bf6 Ng6 33.Qe3 Qxa3 34.Qb6
Bf7 35.Qxb7 Kg8 36.Rb2 Qxc3 37.Qc8+ Kh7 38.Rb7 Rxf6 39.exf6 Qxf6 40.Rfb1 
Kg7 41.Rb8 Ne5 42.Re1 Nd3 43.Re2 e5 44.Qh8+ Kg6 45.Rg8+ Bxg8 46.Qxg8+ Kf5 
47.Qxd5 Qa6 48.Rc2 Qa1+ 49.Kh2 Nf4 50.Qf7+ Kg5 51.Qg7+ Ng6 52.f4+ Kh5 53.
g4+ 1-0

[Event "32nd WCh U20 Girls"]
[Site "Pune IND"]
[Date "2014.10.12"]
[Round "7.11"]
[White "Saranya, J."]
[Black "Gu Tianlu"]
[Result "1/2-1/2"]
[WhiteElo "2107"]
[BlackElo "2055"]
[EventDate "2014.10.06"]
[PlyCount "71"]

1.e4 c5 2.Nf3 e6 3.d4 cxd4 4.Nxd4 Nc6 5.c4 Nf6 6.Nc3 Bb4 7.Nxc6 bxc6 8.Bd3
e5 9.O-O Bc5 10.Ne2 O-O 11.Bg5 h6 12.Bxf6 Qxf6 13.Kh1 d6 14.Rb1 a5 15.a3 
Be6 16.Qd2 a4 17.Qc3 Qd8 18.f4 f6 19.f5 Bf7 20.Qc1 Qb6 21.h3 Be3 22.Qd1 
Rfd8 23.Nc3 Bd4 24.Rf3 Bh5 25.g4 Bf7 26.h4 d5 27.cxd5 cxd5 28.Nxd5 Rxd5 
29.exd5 Bxd5 30.Be2 Rd8 31.Qxa4 e4 32.Bc4 exf3 33.Bxd5+ Rxd5 34.Qe8+ Kh7 
35.Qg6+ Kg8 36.Qe8+ 1/2-1/2

[Event "32nd WCh U20 Girls"]
[Site "Pune IND"]
[Date "2014.10.12"]
[Round "7.12"]
[White "Varshini, Velavan"]
[Black "Gevorgian, Maria"]
[Result "1-0"]
[WhiteElo "2040"]
[BlackElo "2160"]
[EventDate "2014.10.06"]
[PlyCount "77"]

1.e4 c5 2.Nc3 Nc6 3.g3 g6 4.Bg2 Bg7 5.d3 d6 6.Be3 Nd4 7.Qd2 e6 8.Nd1 Ne7 
9.c3 Ndc6 10.Bh6 O-O 11.Ne2 f5 12.h4 Bxh6 13.Qxh6 Ne5 14.Qd2 fxe4 15.dxe4 
Nf3+ 16.Bxf3 Rxf3 17.Ne3 b5 18.Rd1 d5 19.Nf4 Qf8 20.exd5 exd5 21.Qe2 Rxf4 
22.gxf4 Qxf4 23.Qxb5 Qe4 24.Rg1 c4 25.Rd4 Qe6 26.Qe8+ Kg7 27.Kd2 Bb7 28.
Qxe7+ Qxe7 29.Nf5+ Kf6 30.Nxe7 Kxe7 31.Re1+ Kd6 32.Rf4 Kc5 33.Re7 Bc6 34.
Rf6 Rb8 35.Kc1 Kb6 36.Rxh7 Rg8 37.Rh6 Kc5 38.Rhxg6 Rc8 39.Rxc6+ 1-0

[Event "32nd WCh U20 Girls"]
[Site "Pune IND"]
[Date "2014.10.12"]
[Round "7.13"]
[White "Shweta, Gole"]
[Black "Vaishali, Ramesh Babu"]
[Result "1-0"]
[WhiteElo "1881"]
[BlackElo "2124"]
[EventDate "2014.10.06"]
[PlyCount "65"]

1.d4 Nf6 2.c4 e5 3.dxe5 Ng4 4.Nf3 Bc5 5.e3 Nc6 6.Bd2 Qe7 7.Nc3 a5 8.Nd5 
Qd8 9.Bc3 Bb4 10.Qc2 O-O 11.h3 Bxc3+ 12.Qxc3 Nh6 13.Bd3 d6 14.exd6 Qxd6 
15.O-O Nb4 16.Nxb4 axb4 17.Qc2 g6 18.c5 Qf6 19.Nd4 Rd8 20.Be4 Qe7 21.Bf3 
Ra5 22.Rfc1 Nf5 23.Nxf5 Bxf5 24.Qc4 c6 25.Qxb4 Rb5 26.Qa3 Rd2 27.e4 Bxh3 
28.b4 Be6 29.Qc3 Rxa2 30.Rxa2 Bxa2 31.Ra1 Qe6 32.Qb2 Qb3 33.Rxa2 1-0

[Event "32nd WCh U20 Girls"]
[Site "Pune IND"]
[Date "2014.10.12"]
[Round "7.14"]
[White "Chitlange, Sakshi"]
[Black "Monpeurt, Cyrielle"]
[Result "1/2-1/2"]
[WhiteElo "1827"]
[BlackElo "2115"]
[EventDate "2014.10.06"]
[PlyCount "66"]

1.d4 Nf6 2.c4 c5 3.d5 e6 4.Nc3 exd5 5.cxd5 d6 6.Nf3 g6 7.e4 Bg7 8.Bd3 a6 
9.a4 Nbd7 10.O-O Nh5 11.Be3 Ne5 12.Nxe5 Bxe5 13.f4 Bg7 14.e5 dxe5 15.Bxc5 
Nxf4 16.Rxf4 b6 17.Ba3 exf4 18.Qe2+ Kd7 19.Qg4+ Kc7 20.Qxf4+ Kb7 21.Re1 
Re8 22.Qxf7+ Bd7 23.Ne4 Bd4+ 24.Kh1 Ka7 25.Rf1 Be5 26.a5 bxa5 27.Qf2+ Kb8 
28.Rc1 Ra7 29.Qf1 Bf5 30.Bxa6 Bxe4 31.Qb5+ Ka8 32.Qc6+ Kb8 33.Qb5+ Ka8 
1/2-1/2

[Event "32nd WCh U20 Girls"]
[Site "Pune IND"]
[Date "2014.10.12"]
[Round "7.15"]
[White "Arabidze, Meri"]
[Black "San Diego, Marie Antoinette"]
[Result "1-0"]
[WhiteElo "2409"]
[BlackElo "2033"]
[EventDate "2014.10.06"]
[PlyCount "85"]

1.d4 d5 2.c4 c6 3.Nf3 Nf6 4.e3 a6 5.Bd3 Bg4 6.Nbd2 e6 7.Qc2 Nbd7 8.b3 Be7 
9.Bb2 Rc8 10.O-O Bxf3 11.Nxf3 O-O 12.c5 g6 13.b4 Qc7 14.Bc3 Ne8 15.Ne5 f6 
16.Nf3 e5 17.e4 dxe4 18.Bc4+ Kh8 19.Qxe4 f5 20.Qe3 e4 21.d5+ Bf6 22.d6 Qd8
23.Nd4 Ng7 24.Rad1 Ne5 25.Be2 Qd7 26.f3 exf3 27.Bxf3 Rce8 28.Rfe1 Ne6 29.
Nxe6 Rxe6 30.Bxe5 Rxe5 31.Qxe5 Bxe5 32.Rxe5 Rf7 33.Rde1 Kg7 34.Re7 Qd8 35.
Bd1 Rxe7 36.dxe7 Qe8 37.a4 Kf6 38.Bf3 h6 39.b5 axb5 40.axb5 Kf7 41.bxc6 
bxc6 42.g3 h5 43.h4 1-0